Forest animals
| Other Authors: | |
|---|---|
| Format: | Book |
| Published: |
London :
Troddy Books ,
1992
|
| Series: | Discovering animals
|
| Subjects: |
MARC
| LEADER | 00000cam a2200000 7i4500 | ||
|---|---|---|---|
| 001 | 0000000711 | ||
| 002 | 000000807 | ||
| 005 | 20060206.0 | ||
| 020 | |a 1853613053 | ||
| 090 | 0 | 0 | |a 591.51 |b FOR |
| 245 | 1 | 0 | |a Forest animals |c Emilie Beaumont ; illustrated by Lindsey Selley |
| 260 | |a London : |b Troddy Books , |c 1992 | ||
| 300 | |a 27p. : |b ill ; |c 29cm. | ||
| 490 | 0 | |a Discovering animals | |
| 650 | 0 | 0 | |a Animals |x Habits and behavior |x Juvenile literature |
| 700 | 1 | |a Selley, Lindsey , |e Illustrated by | |
| 999 | |a 029953 |b BUKU |c JUNIOR BOOKS |e PERPUSTAKAAN KOMUNITI PETALING JAYA | ||